Statistiken für UEFA Champions League Gewinner

Klicken Sie hier um das Quiz zu spielen!

Allgemein

  • Dieses Quiz wurde 114.366 mal gespielt
    (53.365 seit der letzten Aktualisierung)
  • Das Durchschnittsergebnis liegt bei 16 aus 23

Antwortstatistiken

SiegeTeams% Korrekt
6Bayern München
99%
14Real Madrid
99%
5FC Barcelona
97%
1Borussia Dortmund
96%
1Manchester City
96%
3Manchester United
93%
6FC Liverpool
92%
7AC Mailand
91%
2FC Chelsea
91%
3Inter Mailand
87%
2Juventus Turin
81%
1Hamburger SV
80%
4Ajax Amsterdam
72%
2FC Porto
71%
2Benfica Lissabon
61%
1Olympique Marseille
55%
2Nottingham Forest
50%
1Roter Stern Belgrad
48%
1PSV Eindhoven
42%
1Celtic Glasgow
37%
1Feyenoord Rotterdam
37%
1Aston Villa
35%
1Steaua Bukarest
29%

Verteilung der Resultate

Perzentil nach korrekt beantworteten Fragen

Anzahl Personen mit jedem Resultat

Ihre Resultats-Entwicklung

Sie haben dieses Quiz seit der letzten Aktualisierung nicht gespielt